Tzedek, Tzedek Tirdof : poetry, prophecy, and justice in Hebrew scripture : essays in honor of Francis Landy on the occasion of his 70th birthday /

Tzedek, Tzedek Tirdof: Poetry, Prophecy, and Justice in Hebrew Scripture. Essays in Honor of Francis Landy on the Occasion of his 70th Birthday is a collection of essays by colleagues, friends, and students of Prof. Francis Landy. It is the second Festschrift dedicated to this remarkable teacher and...

وصف كامل

محفوظ في:

مؤلفون آخرون: Landy, Francis., Gow, Andrew Colin.

التنسيق: كتاب الكتروني

اللغة: English

منشور في: Leiden ; Boston : Brill, 2017.

سلاسل: Biblical Interpretation Series 157.
Biblical Studies, Ancient Near East and Early Christianity E-Books Online, Collection 2017, ISBN: 9789004327917.

الموضوعات:

الوصول للمادة أونلاين: Login to view Source

الوسوم: إضافة وسم

لا توجد وسوم, كن أول من يضع وسما على هذه التسجيلة!

رقم الطلب: BS1171.3

LEADER 03626nam a2200481 i 4500
001 BRILL9789004355743
003 nllekb
005 20210602095139.0
006 m d
007 cr un uuuua
008 171002s2017 ne s 011 0 eng d
010 |a  2017047507 
020 |a 9789004355743  |q (electronic book) 
020 |z 9789004355736  |q (print) 
024 7 |a 10.1163/9789004355743  |2 DOI 
035 |a  2017047507  |6 ORIG 
040 |a NL-LeKB  |c NL-LeKB  |e rda 
050 4 |a BS1171.3 
072 7 |a HRCF1  |2 bicssc 
072 7 |a REL006090  |2 bisacsh 
082 0 4 |a 221.6  |2 23 
245 0 0 |a Tzedek, Tzedek Tirdof :  |b poetry, prophecy, and justice in Hebrew scripture : essays in honor of Francis Landy on the occasion of his 70th birthday /  |c edited by Andrew Gow, Peter Sabo. 
264 1 |a Leiden ;  |a Boston :  |b Brill,  |c 2017. 
300 |a 1 online resource. 
336 |a text  |b txt  |2 rdacontent 
337 |a computer  |b c  |2 rdamedia 
338 |a online resource  |2 rdacarrier 
490 0 |a Biblical interpretation series,  |x 0928-0731 ;  |v v. 157 
500 |a Includes index. 
505 0 0 |t Preliminary Material --   |t The Glory of God in Animal Eyes: Ezekiel's Cherubim and Clarice's Cockroach /  |r Maria Metzler --   |t The Paper I Have Not Yet Written: An Heuristic Atlas of Biblical Scholarship /  |r Christopher Meredith --   |t Isaiah's Interview /  |r Keith Bodner --   |t Isaiah 1-12: Presentation of a (Davidic?) Politics /  |r Ian D. Wilson --   |t Recreating Jerusalem: Trito-Isaiah's Vision for the Reconstruction of the City /  |r Kenneth Ristau --   |t The Bible and Literature (in Secret): A Religious Reading /  |r Peter J. Sabo --   |t Practicing Pluralism: Re-Conceptualizing Introduction to World Religions Courses as a Vehicle for Inter-Cultural Competence /  |r Salima Versi and Ehud Ben Zvi --   |t Enemies Within: Canaanite Nations and Spiritual Struggle in Hasidism /  |r Justin Jaron Lewis --   |t Moses in the Cave of Forgotten Dreams /  |r Jennifer L. Koosed --   |t Substitution Awe - Science Fiction Cinema and the Computer-Generated Mysterium Tremendum  /  |r Frauke Uhlenbruch --   |t That is Really Good: Remarks on Micah 6:8 /  |r Bob Becking --   |t A Heart to Understand: Deuteronomy 29:3 and the Recognition of the Divine /  |r Reinhard Müller --   |t Index of Scripture /  |r Andrew Gow and Peter Sabo. 
506 |a Available to subscribing member institutions only. 
520 |a Tzedek, Tzedek Tirdof: Poetry, Prophecy, and Justice in Hebrew Scripture. Essays in Honor of Francis Landy on the Occasion of his 70th Birthday is a collection of essays by colleagues, friends, and students of Prof. Francis Landy. It is the second Festschrift dedicated to this remarkable teacher and colleague, friend and mentor, and thus bears witness to the remarkable esteem in which Prof. Landy is held in the Biblical Studies community and beyond (including literary studies, film studies, and poetry). 
588 |a Description based on print version record and CIP data provided by publisher; resource not viewed. 
630 0 0 |a Bible.  |p Old Testament  |x Criticism, interpretation, etc. 
700 1 |a Landy, Francis. 
700 1 |a Gow, Andrew Colin. 
776 0 8 |i Print version:  |t Tzedek, Tzedek Tirdof  |d Leiden ; Boston : Brill, 2017  |z 9789004355736  |w (DLC) 2017036391 
830 0 |a Biblical Interpretation Series  |v 157. 
830 0 |a Biblical Studies, Ancient Near East and Early Christianity E-Books Online, Collection 2017, ISBN: 9789004327917. 
856 4 |z DOI:   |u http://dx.doi.org/10.1163/9789004355743 
942 |c EBOOK 
952 |0 0  |1 0  |4 0  |7 1  |9 13116  |a BRILL  |b BRILL  |d 2021-06-02  |l 0  |r 2021-06-02 00:00:00  |w 2021-06-02  |y EBOOK 
999 |c 34569  |d 34569